00923cam a22002775a 450000500170000000800410001702000150005802000180007304000280009108200220011910000200014124500570016125000120021826000430023030000290027350000240030259000170032665000400034365000420038365100100042565300290043565500240046494200080048899900170049695201320051320150912124650.0100325r20092002ii a fr 000 0 eeng d a8188458058 a9788188458059 aEG-ScBUEbengcEG-ScBUE04a660.0724bRAT2221 aRattan, Sunita.10aExperiments in Applied Chemistry /cBy Sunita Rattan a2nd ed. aDelhi :bS. K. Kataria & Sons, c2009. a386 p. :bill. ;c24 cm. aReprint of 2004 ed. adoaa mohamed 0aChemistry, Technical.2BUEsh932575 0aChemistryxExperiments.2BUEsh931104 2BUEsh bENGCHEbGGENcAugust2015 vreading book934232 2ddc c13776d13776 00102ddc40708AlahramaMAINbMAINc1STd2010-03-25epurchaseg46.50h28l0o660.0724 RATp000020333r2025-07-15 00:00:00yBB